Bài giảng miễn dịch
Gardado en:
| Autor Principal: | |
|---|---|
| Formato: | Libro |
| Idioma: | Undetermined |
| Publicado: |
Cần Thơ
Trường Đại Học Cần Thơ
2000
|
| Những chủ đề: | |
| Các nhãn: |
Engadir etiqueta
Sen Etiquetas, Sexa o primeiro en etiquetar este rexistro!
|
| Thư viện lưu trữ: | Trung tâm Học liệu Trường Đại học Cần Thơ |
|---|
| LEADER | 00599nam a2200181Ia 4500 | ||
|---|---|---|---|
| 001 | CTU_38447 | ||
| 008 | 210402s9999 xx 000 0 und d | ||
| 082 | |a 571.96 | ||
| 082 | |b B302m | ||
| 100 | |a Trần, Ngọc Bích | ||
| 245 | 0 | |a Bài giảng miễn dịch | |
| 245 | 0 | |c Trần Ngọc Bích | |
| 260 | |a Cần Thơ | ||
| 260 | |b Trường Đại Học Cần Thơ | ||
| 260 | |c 2000 | ||
| 650 | |a Veterinary medicine | ||
| 904 | |i Minh, 001023, Mai chuyển số PL từ 636.089 thành 571.96 chưa in nhãn | ||
| 980 | |a Trung tâm Học liệu Trường Đại học Cần Thơ | ||